logo

Bir Sreshtho Munshi Abdur Rouf Library
Jhenaidah Cadet College

বঙ্গোপসাগর : জীব-সমুদ্রবিজ্ঞান ও সমুদ্র সম্পদ / (Record no. 4840)

MARC details
000 -LEADER
fixed length control field 00737nam a2200217 a 4500
001 - CONTROL NUMBER
JCCL Control Number 4840
003 - CONTROL NUMBER IDENTIFIER
JCCL marc code BD-JhCC
005 - DATE AND TIME OF LATEST TRANSACTION
control field 20171209122616.0
008 - FIXED-LENGTH DATA ELEMENTS--GENERAL INFORMATION
fixed length control field 171204s1995 bg ab||| |||| 001 0 ben d
020 ## - INTERNATIONAL STANDARD BOOK NUMBER
International Standard Book Number 9840732765
035 ## - SYSTEM CONTROL NUMBER
system control number (BD-JhCC) 4840
040 ## - CATALOGING SOURCE
Original cataloging agency BD-JhCC
Modifying agency BD-JhCC
041 ## - LANGUAGE CODE
Language code of Book ben
082 ## - DEWEY DECIMAL CLASSIFICATION NUMBER
Classification number 574.92
Author mark and Year MRI 1995
245 ## - TITLE STATEMENT
Title বঙ্গোপসাগর : জীব-সমুদ্রবিজ্ঞান ও সমুদ্র সম্পদ /
Statement of responsibility, etc ড : শহীদুল্লাহ মৃধা
260 ## - PUBLICATION, DISTRIBUTION, ETC. (IMPRINT)
Place of publication, distribution, etc ঢাকা :
Name of publisher, distributor, etc বাংলা একাডেমী,
Date of publication, distribution, etc ১৯৯৫.
300 ## - PHYSICAL DESCRIPTION
Pagination ২৬০ পৃ. :
Other physical details ill. ;
Dimensions ২২ সেমি.
650 ## - SUBJECT ADDED ENTRY--TOPICAL TERM
Topical term or geographic name as entry element Marine biology
942 ## - ADDED ENTRY ELEMENTS (KOHA)
Source of classification or shelving scheme Dewey Decimal Classification
Koha item type Books
Holdings
Source of classification or shelving scheme volume number Damaged status Not for loan Home library Current library Shelving location Date of accession Cost, normal purchase price Total Checkouts Full call number Barcode Date last seen Copy number Koha item type
Dewey Decimal Classification v-2     JCC Rouf Library JCC Rouf Library General Stacks 12/04/2017 140.00   574.92 MRI 1995 6706 12/04/2017 C-1 Books

JCC Library | Contacts | JCC Home

Last Update on 23 September 2017
Copyright @ 2017-2020 JCC Rouf Library
Rouf Library, Jhenidah Cadet College (JCC), Bangladesh